00618nam a22002057a 4500010001100000035001100011037001800022040001200040082001700052100001800069245008700087260004100174270002900215300002600244650002800270650004600298650003200344700001900376700001700395 a731459 a731459 bCen Lib / Ret aDPLbEn a016.954bGID aGidwani, N.N. aA guide to reference materials on India /cedited by N N Gidwani [and] K Navalani aJaipurbSaraswati Publicaitonsc1974 a757, Ashok ChowkbJaipur a(v 1. 680p)c27cm(Hb) aIndia -- Bibliography.  aIndia -- Reference books -- Bibliography. aIndia -- Library resources. aGidwani, N. N. aNavalani, K.